000 00377nam a2200145Ia 4500
008 230711s9999||||xx |||||||||||||| ||und||
041 _aENG
082 _a604
_bVE-E
100 _aVenugopal K
245 0 _aEngineering drawing and design
250 _a5th . Ed.
260 _c2008
_aNew Delhi
_bNew Age International Publishers
650 _aMechanical Engineering
942 _cBK
999 _c4899
_d4899